God Save the Queen (National Anthem of the UK) Lyrics Quiz - Statistics

General Stats
  • This quiz has been taken 1,170 times
  • The average score is 16 of 19
Answer Stats
Answers % Correct
God
100%
Queen!
100%
save
100%
the
98%
our
96%
gracious
86%
and
81%
live
81%
Long
81%
glorious
80%
noble
78%
victorious
76%
her
75%
Happy
74%
us
74%
reign
73%
over
71%
Send
71%
to
70%
No matching quizzes found
Score Distribution
Percent of People with Each Score
Percentile by Number Answered
Your Score History
You have not taken this quiz